00515caa a22002052a 4500001000900000003001100009008004700020092001800067100001700085700002100102245006300123245004000186300001000226440000600236260000900242650002800251250000600279942000900285999001500294 002866 AR-FADEU 311216n############xxu####################dd aPP(302.82)REV aEfron, David aDarío, Brenman bEl impacto del nazismo en los medios gráficos argentinos aRevista Argentina de comunicación a69-96 n2 c2007 aPRENSA GRAFICA; NAZISMO a2 cPPGR c5644d5644